| 000 | 00363 a2200169 4500 | ||
|---|---|---|---|
| 001 | 46731 | ||
| 020 | _a9788506055601 | ||
| 040 | _cAnchieta - Aquarius | ||
| 100 | _aMuniz, Flávia | ||
| 240 | 1 | 0 |
_aBeto Baguncinha _lpor |
| 245 | 1 | 0 | _aBeto Baguncinha |
| 300 | _a | ||
| 362 | 0 | _a2005 | |
| 440 | 1 | _aMelhoramentos | |
| 650 | 4 | _aLiteratura infantil | |
| 942 | _cBK | ||
| 999 |
_c46731 _d46731 |
||